Yang manis (Record no. 125473)

MARC details
000 -LEADER
fixed length control field 00702nam a2200253 i 4500
001 - CONTROL NUMBER
control field C2-0325774
003 - CONTROL NUMBER IDENTIFIER
control field PPAK
005 - DATE AND TIME OF LATEST TRANSACTION
control field 20180728123746.0
008 - FIXED-LENGTH DATA ELEMENTS--GENERAL INFORMATION
fixed length control field 140303s2013 my |||| ||||| | may d
020 ## - INTERNATIONAL STANDARD BOOK NUMBER
International Standard Book Number 9789670246475
040 ## - CATALOGING SOURCE
Original cataloging agency PPAK
Language of cataloging eng
Transcribing agency PPAK
Description conventions rda
082 04 - DEWEY DECIMAL CLASSIFICATION NUMBER
Classification number 899.233
Edition number 23
090 00 - LOCALLY ASSIGNED LC-TYPE CALL NUMBER (OCLC); LOCAL CALL NUMBER (RLIN)
Classification number (OCLC) (R) ; Classification number, CALL (RLIN) (NR) 899.233
Feature heading MAR
Feature heading G
100 0# - MAIN ENTRY--PERSONAL NAME
Personal name Marissa,
Relator term author
245 10 - TITLE STATEMENT
Title Yang manis
264 #1 - PRODUCTION, PUBLICATION, DISTRIBUTION, MANUFACTURE, AND COPYRIGHT NOTICE
Place of production, publication, distribution, manufacture Bandar Mahkota Cheras, Selangor :
Name of producer, publisher, distributor, manufacturer Penerbitan Karyaseni ,
Date of production, publication, distribution, manufacture, or copyright notice 2013
300 ## - PHYSICAL DESCRIPTION
Extent iii, 453 pages ;
Dimensions 18 cm
336 ## - CONTENT TYPE
Source rdacontent
Content type term text
337 ## - MEDIA TYPE
Source rdamedia
Media type term unmediated
338 ## - CARRIER TYPE
Source rdacarrier
Carrier type term volume
650 10 - SUBJECT ADDED ENTRY--TOPICAL TERM
Topical term or geographic name entry element Malay fiction.
700 0# - ADDED ENTRY--PERSONAL NAME
Personal name Jabatan Editorial Karyaseni,
Relator term editor
942 ## - ADDED ENTRY ELEMENTS (KOHA)
-- dc
Koha item type Book
Holdings
Withdrawn Not for loan Current library Shelving location Date acquired Total Checkouts Full call number Barcode Date last seen Date last checked out Koha item type Total Renewals
    Perpustakaan Alor Setar Pinjaman Dewasa 04/03/2014 1 899.233 MAR A01433914 07/06/2020 14/03/2020 Book  
    Perpustakaan Bandar Baharu Pinjaman Dewasa 04/03/2014   899.233 MAR A01433922 09/05/2018   Book  
    Perpustakaan Jitra Pinjaman Dewasa 04/03/2014   899.233 MAR A01433916 09/05/2018   Book  
    Perpustakaan Langkawi Pinjaman Dewasa 04/03/2014 5 899.233 MAR A01433917 06/05/2024 16/04/2024 Book 1
    Perpustakaan Merbok Pinjaman Dewasa 04/03/2014 1 899.233 MAR A01433925 30/12/2024 17/12/2024 Book  
    Perpustakaan Yan Pinjaman Dewasa 04/03/2014   899.233 MAR A01433919 09/05/2018   Book  
    PD36, Kg. Kuala Lanjut, Kota Star Pinjaman Dewasa 04/03/2014   899.233 MAR A01433924 09/05/2018   Book